|
|
|
|
| LEADER |
01168nam a22002772a 4500 |
| 001 |
000065053 |
| 003 |
CZ BrMZK |
| 005 |
20150602105509.0 |
| 007 |
ta |
| 008 |
950407s1955 xr af f cze d |
| 015 |
|
|
|a cnb000679742
|
| 035 |
|
|
|a (OCoLC)85448202
|
| 040 |
|
|
|a ABA001
|b cze
|c ABA001
|d ABA001
|d BOA001
|
| 100 |
1 |
|
|a Doubrava, Josef,
|d 1918-1986
|7 jk01022875
|4 aut
|
| 245 |
1 |
0 |
|a Meteorologická pozorování ve škole :
|b metodické pokyny pro učitele všeobecných vzdělávacích a pedagogických škol /
|c Josef Doubrava
|
| 250 |
|
|
|a 1. vyd.
|
| 260 |
|
|
|a Praha :
|b Státní pedagogické nakladatelství,
|c 1955
|
| 300 |
|
|
|a 63 s., obr. příl. :
|b il. ;
|c 8°
|
| 490 |
1 |
|
|a Metodické pokyny k pomůckám
|
| 504 |
|
|
|a Obsahuje bibliografii
|
| 830 |
|
0 |
|a Metodické pokyny k pomůckám
|
| 910 |
|
|
|a BOA001
|b PK-0028.231
|b 2-0352.422
|
| 990 |
|
|
|a BK
|
| 996 |
7 |
|
|b 2619788202
|c 2-0352.422
|l MZK
|r Sklad / do 24 hodin
|n 3
|w 000065053
|u 000030
|a 1
|e BOA001
|j MZK50
|s A
|
| 996 |
6 |
|
|b 2619839412
|c 2-0352.422
|l MZK
|r Sklad / do 24 hodin
|n 3
|w 000065053
|u 000020
|a 1
|e BOA001
|j MZK50
|s P
|
| 996 |
7 |
|
|b 3119961768
|c PK-0028.231
|l MZK
|r Sklad / do 1 hodiny
|n 5
|w 000065053
|u 000010
|a 1
|e BOA001
|j MZK50
|s A
|